Biológiai úton lobomló csomagoló anyagok zöldség kiskereskedelemben, történő bevezetésének gazdasági kérdései

Elmentve itt :
Bibliográfiai részletek
Szerző: Süliné Németh Edit
További közreműködők: Ledóné Darázsi Hajnalka (Témavezető)
Dokumentumtípus: Szakdolgozat
Megjelent: 2021
Tárgyszavak:
Online Access:http://diploma.bibl.u-szeged.hu/123902
LEADER 00926nta a2200217 i 4500
001 dipl123902
005 20220402144912.0
008 220402s2021 hu om 0|| hun d
040 |a SZTE Diploma Repozitórium  |b hun 
041 |a hun 
100 2 |a Süliné Németh Edit 
245 1 0 |a Biológiai úton lobomló csomagoló anyagok zöldség kiskereskedelemben, történő bevezetésének gazdasági kérdései  |h [elektronikus dokumentum] /  |c Edit Süliné Németh 
246 1 0 |a The economics of introducing biodegradable packaging materials in vegetable retailing  |h [elektronikus dokumentum] 
260 |c 2021 
650 4 |a Agrár 
650 4 |a Agricultural sciences 
650 4 |a Agriculture, forestry and fisheries 
650 4 |a Horticulture, viticulture 
650 4 |a Vegetables 
700 2 |a Ledóné Darázsi Hajnalka  |e ths 
856 4 0 |u http://diploma.bibl.u-szeged.hu/id/eprint/123902/1/2021_suline_nemeth_edit.pdf  |z Dokumentum-elérés